Canzoni di Guè - Statistics

Statistiche generali
  • Questo quiz è stato fatto 28 volte
    21 dall'ultimo reset
  • Il punteggio medio è 84 su 246
Statistiche sulle risposte
Album Anno Feat Risposta % Corretto
Sinatra 2018 - Bling Bling(Oro)
87%
Bravo Ragazzo(Royal Edition) 2013 Marracash Brivido
87%
Bravo Ragazzo(Royal Edition) 2013 Marracash Brivido - Soundtrack Version - The Opening
87%
Il Ragazzo D'Oro 2011 Caneda Il Ragazzo D'Oro
67%
Il Ragazzo D'Oro - 10 Anni Dopo 2021 Caneda, Charlie Charles Il Ragazzo D'Oro - RMX
67%
Sinatra 2018 Frah Quintale 2%
60%
GVESUS 2021 Geolier Blitz!
60%
Sinatra 2018 Sfera Ebbasta, Drefgold Borsello
60%
Santeria 2016 Marracash Cantante Italiana
60%
Madreperla 2023 ANNA, Sfera Ebbasta Cookies N'Cream
60%
GVESUS 2021 Ketama126 Domai
60%
Gentleman 2017 Sfera Ebbasta Lamborghini
60%
- 2018 Kurdo, Majoe Lamborghini - German RMX
60%
Gentleman(The Complete Playlist Edition) 2017 Sfera Ebbasta, Elettra Lamborghini Lamborghini - RMX
60%
- 2018 Pronto Lamborghini - Swiss RMX
60%
Fastlife 4 2021 Dj Harsh Lifestyle
60%
Tropico Del Capricorno 2025 Stadio Meravigliosa
60%
Santeria 2016 Marracash Scooteroni
60%
Santeria (Voodoo Edition) 2016 Marracash, Sfera Ebbasta Scooteroni - RMX
60%
Mr. Fini 2020 Paky Ti Levo Le Collane
60%
Il Ragazzo D'Oro 2011 Baby K XXX PT.1 (Softcore)
60%
Il Ragazzo D'Oro 2011 Zuli, Emis Killa, Vacca XXX Pt.2 (Hardcore)
60%
Tropico Del Capricorno 2025 Artie 5ive Akrapovic
53%
Bravo Ragazzo(Royal Edition) 2013 - Bravo Ragazzo
53%
Bravo Ragazzo(Royal Edition) 2013 - Bravo Ragazzo - Pink Is Punk "Fai Il Bravo" Remix
53%
Santeria (Voodoo Edition) 2016 Marracash Ca$hmere
53%
Mr. Fini 2020 Rose Villain, Luchè Chico
53%
KG 2025 Rasty Kilo, Noyz Narcos Dedicated
53%
Santeria 2016 Marracash Erba & WiFi
53%
Bravo Ragazzo(Royal Edition) 2013 - Fuori
53%
Il Ragazzo D'Oro - 10 Anni Dopo 2021 2nd Roof Giù il Soffitto - RMX
53%
Mr. Fini 2020 Sfera Ebbasta Immortale
53%
Il Ragazzo D'Oro 2011 - La G La U La E
53%
GVESUS 2021 Salmo Lunedi Blu
53%
Gentleman 2017 El Micha Milionario
53%
Gentleman 2017 El Micha Milionario - Spanish Edition
53%
Santeria 2016 Marracash Money
53%
Santeria 2016 Marracash Salvador Dalì
53%
Santeria 2016 Marracash Santeria
53%
Fastlife 4 2021 Dj Harsh, Marracash Smith & Wesson Freestyle
53%
Vero 2015 - Squalo
53%
Vero+ 2015 - Squalo - Acoustic Jam Session
53%
Sinatra 2018 Capo Plaza Trap Phone
53%
Madreperla 2023 Paky Tuta Maphia
53%
Vero 2015 - Vero
53%
Tropico Del Capricorno 2025 - Astronauta
47%
Sinatra 2018 - Babysitter
47%
Mr. Fini 2020 Geolier Cyborg
47%
GVESUS 2021 Marracash Daytona
47%
Fastlife 4 2021 Dj Harsh, North of Loreto Fast Life
47%
Santeria 2016 Marracash Film Senza Volume
47%
GVESUS 2021 Franco126 Fredda, Triste, Pericolosa
47%
GVESUS 2021 Ernia Futura Ex
47%
GVESUS 2021 Rick Ross Gangster Of Love
47%
Il Ragazzo D'Oro 2011 - Giù Il Soffitto
47%
Gentleman 2017 - Guersace
47%
- 2018 Enzo Dong Guersace - RMX
47%
Santeria 2016 Marracash Insta Lova
47%
Tropico Del Capricorno 2025 Ghali, Tony Effe Kalispera
47%
Il Ragazzo D'Oro - 10 Anni Dopo 2021 Don Joe La G La U La E - RMX
47%
Vero 2015 - Le Bimbe Piangono
47%
Madreperla 2023 Mahmood Lontano Dai Guai
47%
Mr. Fini 2020 Lazza Medellin
47%
Vero 2015 - Mollami
47%
Vero+ 2015 - Mollami - Acoustic Jam Session
47%
Madreperla 2023 - Mollami Pt.2
47%
GVESUS 2021 Coez Nessuno
47%
Santeria 2016 Marracash Nulla Accade
47%
Tropico Del Capricorno 2025 Rose Villain Oh Mamma Mia
47%
Vero 2015 - Oro E Diamanti
47%
Vero 2015 - Oro E Diamanti - Animalsons Remix
47%
Gentleman 2017 Luchè Oro Giallo
47%
GVESUS 2021 Rose Villain Piango Sulla Lambo
47%
Madreperla 2023 - Prefissi
47%
Santeria 2016 Marracash Quasi Amici
47%
Gentleman 2017 Marracash Relaxxx
47%
Bravo Ragazzo(Royal Edition) 2013 - Rose Nere
47%
Bravo Ragazzo(Royal Edition) 2013 - Rose Nere - Soundtrack Version - The End
47%
Santeria 2016 Marracash Tony
47%
GVESUS 2021 - Veleno
47%
Tropico Del Capricorno 2025 - Vibe
47%
Mr. Fini 2020 - 25 Ore
40%
Fastlife 4 2021 Dj Harsh, Lazza, Salmo Alex
40%
Fastlife 4 2021 Dj Harsh, MV Killa Babyma
40%
Sinatra 2018 Noyz Narcos Bastardi Senza Gloria
40%
Vero 2015 - Fuori Orario
40%
Vero+ 2015 Jack Jaselli Fuori Orario - Acoustic Jam Session
40%
Fastlife 4 2021 Dj Harsh, Rasty Kilo Italian Hustler
40%
Madreperla 2023 - Lèon (The Professional)
40%
Tropico Del Capricorno 2025 - Le Tipe
40%
Fastlife 4 2021 Dj Harsh, Vettosi Marco Da Tropoja
40%
Sinatra 2018 Luchè, Marracash Modalità Aereo
40%
Gelida Estate EP 2019 Lazza Montenapo
40%
Tropico Del Capricorno 2025 Geolier Movie
40%
GVESUS 2021 Jadakiss Nicolas Cage
40%
Vero 2015 - Pequeno
40%
Gentleman 2017 - Punto Su Di Te
40%
Santeria 2016 Marracash Purdi
40%
Santeria (Voodoo Edition) 2016 Marracash, Fabri Fibra Purdi - RMX
40%
Mr. Fini 2020 - Saigon
40%
Bravo Ragazzo(Royal Edition) 2013 - Scappati Di Casa
40%
Gentleman 2017 Tony Effe, Il Profeta Scarafaggio
40%
Santeria 2016 Marracash Senza Dio
40%
Santeria (Voodoo Edition) 2016 Marracash, Luchè Senza Dio - RMX
40%
Gentleman 2017 - Trinità
40%
Il Ragazzo D'Oro 2011 - Ultimi Giorni
40%
Il Ragazzo D'Oro - 10 Anni Dopo 2021 Shablo Ultimi Giorni - RMX
40%
Vero 2015 - Voodoo
40%
Hashishinz Sound, Vol. 1 2014 Deleterio, Don Joe Amore/Odio - RMX
33%
Fastlife 4 2021 Dj Harsh, Gemitaiz, Noyz Narcos Champagne 4 The Pain
33%
Madreperla 2023 - Chiudi Gli Occhi
33%
Sinatra 2018 Tony Effe, Pyrex Claro
33%
Fastlife 4 2021 Dj Harsh Co$¥MON€¥
33%
KG 2025 Rasty Kilo Connor
33%
Santeria 2016 Marracash Cosa Mia
33%
Fastlife 4 2021 Dj Harsh, Luchè Denim Giappo
33%
Fastlife 4 2021 Dj Harsh Disclaimer
33%
Vero 2015 - Eravamo Re
33%
Vero+ 2015 Jack Jaselli Eravamo Re - Acoustic Jam Session
33%
Madreperla 2023 Marracash, Rkomi Free
33%
Tropico Del Capricorno 2025 Ele A Gazelle
33%
Sinatra 2018 - Hotel
33%
Sinatra 2018 - Hugh Guefner
33%
GVESUS 2021 - La G La U La E pt. 2
33%
Tropico Del Capricorno 2025 - La G La U La E Pt.3
33%
Bravo Ragazzo(Royal Edition) 2013 - La Mia Ragazza E' Gangsta
33%
Bravo Ragazzo(Royal Edition) 2013 - La Mia Ragazza E' Gangsta - Ackeejuice Rockers Remix
33%
Mr. Fini 2020 - L'Amico Degli Amici
33%
Gelida Estate EP 2019 - Maledetto
33%
Santeria 2016 Marracash Maledetto Me
33%
Gentleman 2017 - Mimmo Flow
33%
Madreperla 2023 Massimo Pericolo Need U 2Nite
33%
Tropico Del Capricorno 2025 Chiello Non Lo So
33%
Il Ragazzo D'Oro 2011 Entics Non Lo Spegnere
33%
Il Ragazzo D'Oro - 10 Anni Dopo 2021 Junior K, Entics Non Lo Spegnere - RMX
33%
GVESUS 2021 Elisa Senza Sogni
33%
Mr. Fini 2020 Mahmood, Marracash Tardissimo
33%
GVESUS 2021 - Too Old To Die Young
33%
Vero+ 2015 Ntò Tuta Di Felpa
33%
Fastlife 4 2021 Dj Harsh, Night Skinny Wagyu
33%
Mr. Fini 2020 Ernia, Shablo 25 Ore RMX
27%
Il Ragazzo D'Oro 2011 Entics, Ensi, Ntò, Marracash, Jake La Furia, Nex Cassel Big!
27%
Il Ragazzo D'Oro - 10 Anni Dopo 2021 Entics, Ensi, Ntò, Marracash, Jake La Furia, Nex Cassel, Drillionaire Big! - RMX
27%
Hashishinz Sound, Vol. 1 2014 Deleterio, Roydal Mehdi, Vincenzo Da Via Anfossi, Marracash, Jake La Furia Boss!
27%
Vero 2015 - Bosseggiando
27%
Tropico Del Capricorno 2025 Shiva Da 0 a 100
27%
Madreperla 2023 Benny The Butcher Da 1k In Su
27%
Il Ragazzo D'Oro 2011 - Dichiarazione
27%
Il Ragazzo D'Oro - 10 Anni Dopo 2021 MILES Dichiarazione - RMX
27%
Bravo Ragazzo(Royal Edition) 2013 Jake La Furia Easy Boy
27%
Vero 2015 - Equilibrio
27%
Il Ragazzo D'Oro 2011 - Il Blues del Perdente (6 Gradi Di Separazione)
27%
Il Ragazzo D'Oro - 10 Anni Dopo 2021 Dj Harsh Il Blues Del Perdente (6 Gradi Di Separazione) - RMX
27%
KG 2025 Rasty Kilo Il contatto
27%
Mr. Fini 2020 - Il Tipo
27%
Bravo Ragazzo(Royal Edition) 2013 Fabri Fibra In Orbita
27%
Vero 2015 Akon Interstellar
27%
KG 2025 Rasty Kilo KG Anthem
27%
Gentleman 2017 Enzo Avitabile La Malaeducazione
27%
Mr. Fini 2020 - Mercy On Me (In Sbatti)
27%
Madreperla 2023 - Mi Hai Capito O No?
27%
Sinatra 2018 Il Profeta Musical Mafia (Sinatra)
27%
Tropico Del Capricorno 2025 Ernia, Tormento Nei DM
27%
Tropico Del Capricorno 2025 Frah Quintale Nei Tuoi Skinny
27%
KG 2025 Rasty Kilo, Terron Fabio Non ci puoi avere
27%
Gentleman 2017 - Non Ci Sei Tu
27%
Tropico Del Capricorno 2025 - Pain Is Love
27%
GVESUS 2021 Duthcavelli Sponsor
27%
Mr. Fini 2020 - Stanza 106
27%
KG 2025 Rasty Kilo, Nerissima Serpe, Papa V Supermarket
27%
Mr. Fini 2020 - Ti Ricordi?
27%
Gentleman 2017 - Trentuno Giorni
27%
Vero 2015 Maruego, Ateyaba Tu Non Sai
27%
Fastlife 4 2021 Dj Harsh Vita Veloce Freestyle
27%
KG 2025 Rasty Kilo After Hourz (3 am)
20%
Hashishinz Sound, Vol. 1 2014 Deleterio Amore/Odio
20%
Gelida Estate EP 2019 - Bamba
20%
Bravo Ragazzo(Royal Edition) 2013 - Business
20%
Madreperla 2023 Napoleone Capa Tosta
20%
Vero+ 2015 Rosario Miraggio Come Me(Comm'a Me)
20%
GVESUS 2021 - Cose Non Sane(Interlude)
20%
KG 2025 Rasty Kilo Crhyme Pays
20%
Mr. Fini 2020 Alborosie Dem Fake
20%
Il Ragazzo D'Oro 2011 - Diventare Grande
20%
Il Ragazzo D'Oro - 10 Anni Dopo 2021 Lazza Diventare Grande - RMX
20%
Sinatra 2018 Mahmood Doppio Whisky
20%
KG 2025 Rasty Kilo Duemilatre
20%
Vero+ 2015 Peppino Di Capri Fiumi Di Champagne
20%
Vero+ 2015 Peppino Di Capri Fiumi Di Champagne - Acoustic Jam Session
20%
Mr. Fini 2020 Rame Giacomo
20%
Il Ragazzo D'Oro 2011 Vincenzo Da Via Anfossi Grezzo
20%
Bravo Ragazzo(Royal Edition) 2013 Ntò Il Drink & La Jolla
20%
Fastlife 4 2021 Dj Harsh Me & My B
20%
Vero 2015 - Miserabile
20%
Gelida Estate EP 2019 - Niente Photo
20%
Santeria (Voodoo Edition) 2016 Marracash Ninja
20%
KG 2025 Rasty Kilo, Tony Boy Non sei con me
20%
Vero 2015 Crookers Nouveau Riche
20%
Vero+ 2015 Maruego Occhi Su Di Me
20%
Vero 2015 - Pappone
20%
Mr. Fini 2020 Carl Brave Parte Di Me
20%
Santeria (Voodoo Edition) 2016 Marracash Piazza Rossa
20%
Bravo Ragazzo(Royal Edition) 2013 Vincenzo Da Via Anfossi Si Sboccia - Remix
20%
Sinatra 2018 Cosculluela, El Micha Bam Bam
13%
Bravo Ragazzo(Royal Edition) 2013 - Barbie Vs Marley
13%
Bravo Ragazzo(Royal Edition) 2013 - Barbie Vs. Marley - Tayone Remix
13%
Vero+ 2015 Galiano, Slim Thug #Bosslife (Bosseggiando pt.2)
13%
KG 2025 Rasty Kilo Bulletproof
13%
- 2018 - Come Se Fosse Normale
13%
Il Ragazzo D'Oro 2011 - Figlio Di Dio
13%
Il Ragazzo D'Oro - 10 Anni Dopo 2021 Gemitaiz Figlio Di Dio - RMX
13%
Gentleman 2017 - Il Viola
13%
Bravo Ragazzo(Royal Edition) 2013 Fedez Indelebile (Inchiostro)
13%
Gentleman(The Complete Playlist Edition) 2017 - Io Non Ho Paura
13%
Vero+ 2015 - Millioneuro Boy
13%
Vero+ 2015 J-AX Mollami RMX
13%
Il Ragazzo D'Oro 2011 Duellz Non Mi Crederai
13%
Mr. Fini 2020 Noizy No Security
13%
Il Ragazzo D'Oro 2011 Montenero Pillole
13%
Il Ragazzo D'Oro - 10 Anni Dopo 2021 Night Skinny, Duellz Pillole - RMX
13%
Bravo Ragazzo(Royal Edition) 2013 Caprice, Tormento Puoi Toccarmi
13%
KG 2025 Rasty Kilo, Tony Effe Rimango free
13%
- 2024 TY1 SARAGO (Red Bull 64 Bars)
13%
Vero+ 2015 - Signora
13%
Sinatra 2018 Elodie Sobrio
13%
Bravo Ragazzo(Royal Edition) 2013 Emis Killa Sul Tetto Del Mondo
13%
Gentleman 2017 - T'Apposto
13%
Gentleman(The Complete Playlist Edition) 2017 Vale Lambo Un Altro Giorno, Un Altro Euro
13%
Bravo Ragazzo(Royal Edition) 2013 - Uno Come Me
13%
Vero+ 2015 Red Cafe We Run The Town
13%
Hashishinz Sound, Vol. 1 2014 Deleterio, Vincenzo Da Via Anfossi, Marracash Che nessuno si muova
7%
Bravo Ragazzo(Royal Edition) 2013 Ensi Come Mai(Itaglia)
7%
Bravo Ragazzo(Royal Edition) 2013 Dj Jay-K, Stress Golden Boys
7%
Bravo Ragazzo(Royal Edition) 2013 - Hey Baby
7%
Gentleman 2017 - La Mia Collana
7%
- 2018 Willy William Lungomare Latino
7%
Bravo Ragazzo(Royal Edition) 2013 Zuli Oh Mio Dio!
7%
Hashishinz Sound, Vol. 1 2014 Deleterio Piombo a Tempo
7%
Gelida Estate EP 2019 Farid Bang President Rolly
7%
Bravo Ragazzo(Royal Edition) 2013 Clementino Quei Bravi Ragazzi
7%
Bravo Ragazzo(Royal Edition) 2013 Julia Lenti Ruggine E Ossa
7%
Gentleman(The Complete Playlist Edition) 2017 Laioung Te Quiero
7%
Bravo Ragazzo(Royal Edition) 2013 Arlissa Tornare Indietro
7%
Vero+ 2015 - Champions Sound (AI29 Anthem)
0%
Il Ragazzo D'Oro 2011 Caprice Consta Su Di Me
0%
Hashishinz Sound, Vol. 1 2014 Deleterio, Royal Mehdi Trafficante di sogni
0%
Nessun quiz corrispondente trovato
Distribuzione punteggi
Percentuale di utenti per punteggio
Percentile per numero di risposta
I tuoi punteggi nel tempo
Non hai fatto questo quiz dall'ultimo reset